| 000 | 00952nam a2200217Ia 4500 | ||
|---|---|---|---|
| 999 |
_c40328 _d40328 |
||
| 001 | 6936 | ||
| 003 | GE_BSU | ||
| 005 | 20200219110610.0 | ||
| 008 | 181216s1972||||ge |||||||||||||| ||geo|| | ||
| 040 | _cGE_BSU | ||
| 041 | _ageo | ||
| 080 | _a82-93:821.353.1-1 გ-97 | ||
| 100 |
_aგურამიშვილი, დავით. _96973 |
||
| 245 |
_aსწავლა მოსწავლეთა / _cდავით გურამიშვილი ; რედ. ლ. ქადაგიშვილი ; მხატვ. ჯ. ყავლაშვილი. |
||
| 264 |
_aთბილისი : _bნაკადული, _c1972. |
||
| 300 |
_a18 გვ. : _bილ. ; _c15 სმ. |
||
| 653 | _aსწავლა მოსწავლეთა | ||
| 700 |
_aქადაგიშვილი, ლ. _eრედაქტორი _94300 |
||
| 700 |
_aყავლაშვილი, ჯ. _eმხატვარი _95903 |
||
| 942 |
_cBK _2udc |
||